|
|
|
|
| LEADER |
00662cam a2200193 7i4500 |
| 001 |
0000011052 |
| 005 |
20161101090000.0 |
| 020 |
|
|
|a 9836265252
|
| 090 |
0 |
0 |
|a J507.8
|b MEN
|
| 100 |
1 |
|
|a Ganeri, Anita
|
| 245 |
1 |
0 |
|a Sabun ada buih dan soalan lain tentang sains
|c Barbara Taylor ; penterjemah Hamidah bte Ahmad.
|
| 260 |
|
|
|a Kuala Lumpur:
|b DBP,
|c 2002.
|
| 300 |
|
|
|a 32 p.:
|b col. ill.;
|c 28 cm.
|
| 490 |
0 |
|
|a Mengapa ya!
|
| 650 |
0 |
0 |
|a Science
|
| 650 |
0 |
0 |
|a Science --
|x Experiments
|
| 700 |
0 |
|
|a Hamidah Ahmad
|
| 999 |
|
|
|a 0000013351
|b BOK
|c OPEN SHELF - CHILDREN
|e Ground Floor, Bestari Jaya
|
| 999 |
|
|
|a 0000013352
|b BOK
|c OPEN SHELF - CHILDREN
|e Ground Floor, Bestari Jaya
|